LEADER 01485nam a2200265 u 4500 001 000000019714 003 CaOOAMICUS 005 20070226110822.0 008 950218s1967 be u000 u lat u 035 $a10475416 040 $aEFR$bita 041 0 $aeng$ageo$alat 100 1 $aMolitor, Joseph,$csac.,$d1903-$0(OLS)http://pul/name/3411 245 10$aGlossarium latinum-ibericum-graecum :$bin quattuor evangelia et Actus Apostolorum et in Epistolas catholicas necnon in Apocalypsim antiquoris versionis ibericae /$ccomposuit Joseph Molitor. 260 $aLouvain :$bSecrétariat du CorpusSCO,$c1967. 300 $avi, 252 p. ;$c25 cm 490 1 $aCorpus scriptorum christianorum orientalium ;$v280.$aSubsidia ;$vt. 29 [i.e. 30]. 630 04$aBiblia.$pN.T.$xDizionari.$0(OLS)http://pul/subject/13270 830 0$aCorpus scriptorum Christianorum Orientalium ;$v280.$0(OLS)http://pul/title/40 830 0$aCorpus scriptorum Christianorum Orientalium.$pSubsidia ;$v30 [i.e. 29].$0(OLS)http://pul/title/292 850 $aPUL 852 $aPUL$W1$xSL Religione 1$y3$m10(3) H 280$j27650$nBK-PRI$b $qStampati$B27650$CPULBib$Z2$F27650 $H89860 $81 941 1 $a8 996 $6245$aGlossarium latinum-ibericum-graecum :$bin quattuor evangelia et Actus Apostolorum et in Epistolas catholicas necnon in Apocalypsim antiquoris versionis ibericae$9(OLS)http://pul/title/27895 996 $6260$aLouvain :$bSecrétariat du CorpusSCO$9(OLS)http://pul/publisher/47859 LEADER 01249nam a2200277 u 4500 001 000000118285 003 CaOOAMICUS 005 20091124165339.0 008 091124t2009 it u000 u ita u 020 $a978-88-13-29251-5 040 $aPUL$bita$dReb 100 1 $aRimini, Carlo.$0(OLS)http://pul/name/50261 245 10$aDiritto di famiglia :$brepertorio sistematico di giurisprudenza con CD-Rom /$cCarlo Rimini, Giulia Viganò ; prefazione di Cesare Rimini. 250 $aSeconda edizione 260 $aPadova :$bCEDAM,$c©2009. 300 $ac, 906 p. ;$c25 cm. +$eCD-Rom 500 $aComprende indici. 650 4$aFamiglia (diritto)$zItalia.$0(OLS)http://pul/subject/7144 700 1 $aViganò, Giulia.$0(OLS)http://pul/name/65956 700 1 $aRimini, Cesare.$0(OLS)http://pul/name/73854 850 $aPUL 852 $aPUL$W1$xSL Diritto e Scienze Sociali 3$y79$m346. 45 RIMCA 2$j135706$qDDC 21$B134696$CPULBib$Z2$F134696 $H111658 $82 941 1 $a9 996 $6020$a978-88-13-29251-5$9(OLS)http://pul/number/142505 996 $6245$aDiritto di famiglia :$brepertorio sistematico di giurisprudenza con CD-Rom$9(OLS)http://pul/title/135353 996 $6260$aPadova :$bCEDAM$9(OLS)http://pul/publisher/48126